000 00222nam a22000857a 4500
008 160718b xxu||||| |||| 00| 0 eng d
100 _93033
_aHusain A
245 _aManaging Stress
260 _aNew Delhi
_bFriends Publication
_c2003
999 _c2596
_d2596